Sports Quiz

Random Sports Quiz

Record holders (m) 5000m Speedskating Quiz Stats

 Plays Quiz not verified by Sporcle

Support Sporcle.
Go Orange.
Score 0/56 Timer 07:00
0 Plays Today
Date of record Skater % Correct
November 19, 2005Sven Kramer
96.2%
March 3, 2007Sven Kramer
96.2%
November 17, 2007Sven Kramer
96.2%
February 9, 1991Johann Olav Koss
93.7%
January 22, 1993Johann Olav Koss
93.7%
March 13, 1993Johann Olav Koss
93.7%
December 4, 1993Johann Olav Koss
93.7%
February 13, 1994Johann Olav Koss
93.7%
December 7, 1997Gianni Romme
92.4%
February 8, 1998Gianni Romme
92.4%
March 27, 1998Gianni Romme
92.4%
January 30, 2000Gianni Romme
92.4%
March 13, 1971Ard Schenk
91.1%
March 4, 1972Ard Schenk
91.1%
November 10, 2007Enrico Fabris
88.6%
November 13, 2005Chad Hedrick
87.3%
February 9, 2002Jochem Uytdehaage
84.8%
March 1, 1969Kees Verkerk
83.5%
Februari 26, 1967Kees Verkerk
83.5%
January 22, 1933Siem Heiden
73.4%
January 23, 1916Oscar Mathisen
65.8%
January 17, 1914Oscar Mathisen
65.8%
February 25, 1894Jaap Eden
64.6%
March 5, 1976Piet Kleine
59.5%
March 12, 1976Piet Kleine
59.5%
November 22, 1987Geir Karlstad
59.5%
December 4, 1987Geir Karlstad
59.5%
January 13, 1951Hjalmar Andersen
53.2%
Date of record Skater % Correct
February 14, 1987Leo Visser
48.1%
March 4, 1965Fred Anton Maier
34.2%
January 7, 1968Fred Anton Maier
34.2%
February 15, 1968Fred Anton Maier
34.2%
March 9, 1968Fred Anton Maier
34.2%
January 19, 1929Ivar Ballangrud
32.9%
January 11, 1930Ivar Ballangrud
32.9%
January 18, 1936Ivar Ballangrud
32.9%
January 26, 1963Knut Johannesen
29.1%
January 30, 1976Hans van Helden
26.6%
March 19, 1977Kay Arne Stenshjemmet
25.3%
February 23, 1963Jonny Nilsson
21.5%
February 13, 1965Jonny Nilsson
21.5%
February 28, 1892Einar Halvorsen
17.7%
February 26, 1893Einar Halvorsen
17.7%
January 9, 1955Boris Shilkov
17.7%
February 3, 1941Åke Seyffarth
15.2%
February 5, 1949Kornél Pajor
15.2%
February 4, 1917Kristian Strøm
11.4%
February 20, 1921Harald Strøm
11.4%
February 18, 1922Harald Strøm
11.4%
March 18, 1982Aleksandr Baranov
11.4%
February 3, 1934Max Stiepl
10.1%
March 23, 1984Viktor Shasherin
10.1%
March 2, 1890Oskar Fredriksen
8.9%
January 23, 1952Nikolay Mamonov
5.1%
March 24, 1975Yury Kondakov
5.1%
February 4, 1911Nikolay Strunnikov
1.3%

You're not logged in!

Compare scores with friends on all Sporcle quizzes.
OR
Log In

From the Vault

Do They Bite or Sting?

by JackDots

We'd prefer to choose neither.
Remove Ads.
Support Sporcle.
Get the best of Sporcle when you Go Orange. This ad-free experience offers more features, more stats, and more fun while also helping to support Sporcle. Thank you for becoming a member.

Show Comments

Extras

Top Quizzes Today


Score Distribution

Your Account Isn't Verified!

In order to create a playlist on Sporcle, you need to verify the email address you used during registration. Go to your Sporcle Settings to finish the process.

Report this User

Report this user for behavior that violates our Community Guidelines.

Details: